Bio design : (Record no. 31184)

MARC details
000 -LEADER
fixed length control field 02458cam a22004337a 4500
001 - CONTROL NUMBER
control field 17312199
003 - CONTROL NUMBER IDENTIFIER
control field EG-ScBUE
005 - DATE AND TIME OF LATEST TRANSACTION
control field 20260407105140.0
008 - FIXED-LENGTH DATA ELEMENTS--GENERAL INFORMATION
fixed length control field 120521r20232018enka f b 001 0 eng d
020 ## - INTERNATIONAL STANDARD BOOK NUMBER
International Standard Book Number 9780500294390
035 ## - SYSTEM CONTROL NUMBER
System control number 17312199
035 ## - SYSTEM CONTROL NUMBER
System control number (OCoLC)794363670
040 ## - CATALOGING SOURCE
Original cataloging agency BTCTA
Language of cataloging eng
Description conventions rda
Transcribing agency BTCTA
Modifying agency ERASA
-- YDXCP
-- A4A
-- BWX
-- CUS
-- FXG
-- DLC
-- EG-ScBUE
082 04 - DEWEY DECIMAL CLASSIFICATION NUMBER
Classification number 701.08
Edition number 22
Item number MYE
100 1# - MAIN ENTRY--PERSONAL NAME
Personal name Myers, William
Titles and other words associated with a name (Curator)
Relator term author.
245 10 - TITLE STATEMENT
Title Bio design :
Remainder of title nature, science, creativity /
Statement of responsibility, etc William Myers ; foreword by Paola Antonelli.
250 ## - EDITION STATEMENT
Edition statement Reprint edition.
250 ## - EDITION STATEMENT
Edition statement Revised and expanded edition.
264 #1 - PUBLICATION, DISTRIBUTION, ETC. (IMPRINT)
Place of publication, distribution, etc London :
Name of publisher, distributor, etc Thames & Hudson Ltd,
Date of publication, distribution, etc 2023.
300 ## - PHYSICAL DESCRIPTION
Extent 304 pages :
Other physical details illustrations (chiefly color) ;
Dimensions 26 cm
336 ## - CONTENT TYPE
Content type term text
Content type code txt
Source rdacontent
337 ## - MEDIA TYPE
Media type term unmediated
Media type code n
Source rdamedia
338 ## - CARRIER TYPE
Carrier type term volume
Carrier type code nc
Source rdacarrier
504 ## - BIBLIOGRAPHY, ETC. NOTE
Bibliography, etc Includes bibliographical references and index.
520 8# - SUMMARY, ETC.
Summary, etc Designers and artists have always looked to nature for inspiration and materials, but only recently have they been able to alter and incorporate living organisms in their work. In a world with finite resources and a growing population, design that mimics or appropriates the sustainable template of nature is likely to prove as vital as it is novel. 'Bio Design' examines some seventy projects (concepts, prototypes and completed designs) that cover the fields of architecture, industrial processes, education, fine art, material engineering and bioengineering. Each project is illustrated by a short text, images and captions that combine to explain the problems the venture tackles, and how living materials and processes were harnessed to solve them in sustainable and aesthetically pleasing ways. Many of the solutions also provoke thought about manipulating life for human ends.--
Assigning source Source other than Library of Congress.
650 #7 - SUBJECT ADDED ENTRY--TOPICAL TERM
Topical term or geographic name as entry element Biotechnology in art.
Source of heading or term BUEsh
650 #7 - SUBJECT ADDED ENTRY--TOPICAL TERM
Topical term or geographic name as entry element Art and science.
Source of heading or term BUEsh
650 #7 - SUBJECT ADDED ENTRY--TOPICAL TERM
Topical term or geographic name as entry element Art and technology.
Source of heading or term BUEsh
650 #7 - SUBJECT ADDED ENTRY--TOPICAL TERM
Topical term or geographic name as entry element Science in art.
Source of heading or term BUEsh
650 #7 - SUBJECT ADDED ENTRY--TOPICAL TERM
Topical term or geographic name as entry element Nature in art.
Source of heading or term BUEsh
650 #7 - SUBJECT ADDED ENTRY--TOPICAL TERM
Topical term or geographic name as entry element Design.
Source of heading or term BUEsh
653 ## - INDEX TERM--UNCONTROLLED
Arrived date list April2026
Resource For college Arts and Design
655 ## - INDEX TERM--GENRE/FORM
Form subdivision Reading book
906 ## - LOCAL DATA ELEMENT F, LDF (RLIN)
a 7
b cbc
c copycat
d 2
e ncip
f 20
g y-gencatlg
942 ## - ADDED ENTRY ELEMENTS (KOHA)
Source of classification or shelving scheme Dewey Decimal Classification
Koha item type Book - Borrowing
Holdings
Withdrawn status Lost status Source of classification or shelving scheme Damaged status Not for loan Collection code Home library Current library Shelving location Date acquired Source of acquisition Cost, normal purchase price Serial Enumeration / chronology Total Checkouts Full call number Barcode Date last seen Cost, replacement price Price effective from Koha item type
    Dewey Decimal Classification     Baccah Central Library Central Library Second Floor 07/04/2026 Purchase 2356.00 40179   701.08 MYE 000057607 07/04/2026 2945.00 07/04/2026 Book - Borrowing